000 00349nam a2200133Ia 4500
008 240624s9999 xx 000 0 und d
041 _aeng
082 _a519.5024658 PRA
100 _aPRABHA B
245 _aSTATISTICS FOR MANAGEMENT
260 _c2003
_aChennai
_bSCITECH Publications (India) Pvt.Ltd.
300 _a170 : p. : cm. ; 25
365 _cRS
999 _c2709
_d2709